000 00688nam a2200217Ii 4500
003 JO-AjNU
008 230605s9999||||xx |||||||||||||| ||und||
017 _a2019/7/3197
040 _aJO-AjNU
_bara
_erda
_cJO-AjNU
041 _aara
050 1 4 _aHF5667.2022
100 3 _aحبابة، سعد فؤاد علي,
_eauthor
_963843
245 0 0 _aاصول تدقيق الحسابات
250 _aط1
264 3 1 _aعمان: دار الابتكار للنشر والتوزيع، 2022
300 _a325ص
336 _atext
_btxt
_2rdacontent
337 _aunmediated
_bn
_2rdamedia
338 _avolume
_bnc
_2rdacarrier
650 4 _aتدقيق الحسابات-المحاسبة
_963844
999 _aA28980
_c32548
_d32548